[Event "17. Obert Int. Sant Marti 2015 - B"]
[Site "Barcelona ESP"]
[Date "2015.07.14"]
[Round "2.64"]
[White "Cort Hidalgo, Jordi"]
[Black "Ramos Fernández, Pilar"]
[Result "1-0"]
[WhiteElo "1850"]
[BlackElo "1609"]
[PlyCount "85"]
[EventDate "2015.07.13"]
[EventType "swiss"]
[EventRounds "9"]
[EventCountry "ESP"]
[SourceTitle "Ajedrez en Madrid"]
[Source "lmi"]
[SourceDate "2015.07.13"]
[SourceVersion "1"]
[SourceVersionDate "2019.06.21"]
[SourceQuality "1"]

1. e4 d5 2. exd5 Nf6 3. Nc3 e6 4. Bb5+ Bd7 5. dxe6 fxe6 6. Qe2 c6 7. Bc4 Bc5 8.
Nf3 O-O 9. d4 Bb6 10. Bg5 c5 11. O-O-O Nc6 12. dxc5 Bxc5 13. Bxe6+ Kh8 14. Bxd7
Qe7 15. Qxe7 Bxe7 16. Bxc6 bxc6 17. Rhe1 h6 18. Ne5 hxg5 19. Ng6+ Kg8 20. Nxe7+
Kh7 21. Re3 Ng4 22. Rh3+ Nh6 23. Ne4 Rae8 24. Nxg5+ Kh8 25. Ng6+ Kg8 26. Nxf8
Rxf8 27. Rf3 Re8 28. Rfd3 g6 29. Rd8 Rxd8 30. Rxd8+ Kg7 31. h4 Nf7 32. Rd7 Kf6
33. Rxf7+ Ke5 34. f4+ Kd4 35. Rd7+ Ke3 36. h5 gxh5 37. g3 Kf2 38. f5 Kxg3 39.
f6 Kg4 40. f7 Kxg5 41. f8=Q h4 42. Rg7+ Kh5 43. Qh8# 1-0

[Event "17. Obert Int. Sant Marti 2015 - B"]
[Site "Barcelona ESP"]
[Date "2015.07.14"]
[Round "2.65"]
[White "De La Fuente Gil, Roberto"]
[Black "Khudov, Oleksandr"]
[Result "1/2-1/2"]
[WhiteElo "1842"]
[BlackElo "1528"]
[PlyCount "95"]
[EventDate "2015.07.13"]
[EventType "swiss"]
[EventRounds "9"]
[EventCountry "ESP"]
[SourceTitle "Ajedrez en Madrid"]
[Source "lmi"]
[SourceDate "2015.07.13"]
[SourceVersion "1"]
[SourceVersionDate "2019.06.21"]
[SourceQuality "1"]

1. d4 d5 2. c4 e6 3. Nc3 f5 4. cxd5 exd5 5. Nf3 c6 6. Bf4 Nf6 7. e3 Bd6 8. Ne5
O-O 9. h3 Be6 10. Bd3 Qc7 11. Qf3 Ne4 12. Bxe4 fxe4 13. Qg3 Nd7 14. O-O Nxe5
15. dxe5 Bb4 16. Rac1 a6 17. a3 Ba5 18. Na4 Qe7 19. Nc5 Bd8 20. Nxe6 Qxe6 21.
h4 Bc7 22. f3 exf3 23. Rxf3 Rae8 24. Rcf1 Qe7 25. Qg4 Bxe5 26. Bg5 Qd6 27.
Rxf8+ Rxf8 28. Rxf8+ Kxf8 29. Qc8+ Kf7 30. Qxb7+ Kg6 31. Qxa6 Bxb2 32. Qd3+ Kf7
33. Qxh7 Bxa3 34. Qf5+ Kg8 35. Bf4 Qf6 36. Qh5 Bd6 37. Qe8+ Kh7 38. Qxc6 Bxf4
39. Qxf6 Bxe3+ 40. Qf2 Bxf2+ 41. Kxf2 Kg6 42. g4 Kf6 43. Ke3 Ke5 44. h5 d4+ 45.
Kf3 d3 46. g5 d2 47. Ke2 Kf5 48. h6 1/2-1/2

[Event "17. Obert Int. Sant Marti 2015 - B"]
[Site "Barcelona ESP"]
[Date "2015.07.14"]
[Round "2.66"]
[White "Siegel, Rainer"]
[Black "Izquierdo Pujol, Pol"]
[Result "0-1"]
[WhiteElo "1647"]
[BlackElo "1832"]
[PlyCount "46"]
[EventDate "2015.07.13"]
[EventType "swiss"]
[EventRounds "9"]
[EventCountry "ESP"]
[SourceTitle "Ajedrez en Madrid"]
[Source "lmi"]
[SourceDate "2015.07.13"]
[SourceVersion "1"]
[SourceVersionDate "2019.06.21"]
[SourceQuality "1"]

1. d3 d5 2. e4 dxe4 3. Nc3 Nf6 4. Bg5 Bg4 5. Qd2 Nc6 6. h3 Bh5 7. g4 Bg6 8. Bg2
exd3 9. Bxc6+ bxc6 10. f4 Ne4 11. Qg2 d2+ 12. Kf1 Qd6 13. Rd1 Nxg5 14. fxg5
O-O-O 15. Nf3 Qf4 16. Ne2 Qe3 17. Nc3 Bxc2 18. Rxd2 Rxd2 19. Nxd2 Bd3+ 20. Ne2
Qxd2 21. Qxc6 Qxe2+ 22. Kg1 Qe1+ 23. Kh2 Qf2+ 0-1

[Event "17. Obert Int. Sant Marti 2015 - B"]
[Site "Barcelona ESP"]
[Date "2015.07.14"]
[Round "2.67"]
[White "Cervera Lopez, Miguel"]
[Black "Minko, Uliana"]
[Result "1-0"]
[WhiteElo "1831"]
[BlackElo "1270"]
[PlyCount "63"]
[EventDate "2015.07.13"]
[EventType "swiss"]
[EventRounds "9"]
[EventCountry "ESP"]
[SourceTitle "Ajedrez en Madrid"]
[Source "lmi"]
[SourceDate "2015.07.13"]
[SourceVersion "1"]
[SourceVersionDate "2019.06.21"]
[SourceQuality "1"]

1. e4 e6 2. d4 d5 3. e5 c5 4. Nf3 Bd7 5. Nc3 a6 6. a4 Nc6 7. Be3 b6 8. dxc5
bxc5 9. Bf4 Qa5 10. Bd2 Qc7 11. Qe2 Nd4 12. Qd3 Nh6 13. Ne2 Nhf5 14. Nfxd4 Nxd4
15. Nxd4 cxd4 16. Qxd4 Qxc2 17. Bd3 Qb3 18. O-O Be7 19. Rfc1 O-O 20. Rc7 Rfd8
21. Ba5 Qb8 22. Rac1 Bg5 23. f4 Bh6 24. g4 g5 25. f5 Be8 26. fxe6 fxe6 27.
Bxh7+ Kh8 28. Bb1 Rd7 29. Qd3 Ra7 30. Rc8 Qxe5 31. Rxe8+ Kg7 32. Qg6# 1-0

[Event "17. Obert Int. Sant Marti 2015 - B"]
[Site "Barcelona ESP"]
[Date "2015.07.14"]
[Round "2.68"]
[White "Castellvell Diez, Maria Nuria"]
[Black "Ani, Virgil"]
[Result "0-1"]
[WhiteElo "1566"]
[BlackElo "1826"]
[PlyCount "66"]
[EventDate "2015.07.13"]
[EventType "swiss"]
[EventRounds "9"]
[EventCountry "ESP"]
[SourceTitle "Ajedrez en Madrid"]
[Source "lmi"]
[SourceDate "2015.07.13"]
[SourceVersion "1"]
[SourceVersionDate "2019.06.21"]
[SourceQuality "1"]

1. e4 c6 2. Ne2 d5 3. e5 Bf5 4. Nd4 Bg6 5. g3 e6 6. Bg2 Bc5 7. Nf3 Nd7 8. d4
Bb6 9. O-O Ne7 10. c3 O-O 11. Nbd2 f5 12. Nb3 Bh5 13. Qc2 Rc8 14. Bd2 c5 15. c4
dxc4 16. Qxc4 cxd4 17. Qe2 Rc7 18. Bg5 h6 19. Bf4 Nd5 20. Rad1 Nxf4 21. Qd2
Nxg2 22. Nfxd4 Qe7 23. Nb5 Nxe5 24. Kxg2 Bxd1 25. Rxd1 Rd7 26. Qc2 Rxd1 27.
Qxd1 Ng4 28. h3 Nxf2 29. Qh5 Qd7 30. h4 Qd5+ 31. Kf1 Qxb5+ 32. Ke1 Qe5+ 33. Kd2
Rd8+ 0-1

[Event "17. Obert Int. Sant Marti 2015 - B"]
[Site "Barcelona ESP"]
[Date "2015.07.14"]
[Round "2.69"]
[White "Tordera Jumilla, Joaquim"]
[Black "Serentill Tost, Eduard"]
[Result "0-1"]
[WhiteElo "1545"]
[BlackElo "1808"]
[PlyCount "106"]
[EventDate "2015.07.13"]
[EventType "swiss"]
[EventRounds "9"]
[EventCountry "ESP"]
[SourceTitle "Ajedrez en Madrid"]
[Source "lmi"]
[SourceDate "2015.07.13"]
[SourceVersion "1"]
[SourceVersionDate "2019.06.21"]
[SourceQuality "1"]

1. e4 e6 2. Nf3 d5 3. d4 dxe4 4. Nfd2 Nf6 5. Nb3 b6 6. Be3 Bb7 7. N1d2 Be7 8.
f3 exf3 9. Nxf3 O-O 10. Bc4 Bd5 11. Qd3 Bxc4 12. Qxc4 Nd5 13. Bd2 Qd6 14. O-O
Qc6 15. Qd3 Nd7 16. c4 N5f6 17. Bg5 Rad8 18. Rae1 a5 19. Bxf6 Bxf6 20. d5 exd5
21. cxd5 Qd6 22. Re2 Nc5 23. Qd1 Nxb3 24. Qxb3 Qxd5 25. Qa4 Qc5+ 26. Kh1 Rd5
27. Rfe1 Qb5 28. Qxb5 Rxb5 29. Re8 g6 30. b3 Rd5 31. g4 Rxe8 32. Rxe8+ Kg7 33.
a4 Rd3 34. Kg2 Rxb3 35. Re4 Rb4 36. Re2 Rxg4+ 37. Kh3 Rxa4 38. Kg2 b5 39. Rc2
Rc4 40. Ne1 Rxc2+ 41. Nxc2 b4 42. Kf3 b3 43. Na3 c5 44. Ke2 c4 45. Kd2 c3+ 46.
Kc1 Bg5+ 47. Kb1 c2+ 48. Nxc2 bxc2+ 49. Kxc2 f5 50. Kb3 f4 51. Ka4 f3 52. h4
Bxh4 53. Kxa5 f2 0-1

[Event "17. Obert Int. Sant Marti 2015 - B"]
[Site "Barcelona ESP"]
[Date "2015.07.15"]
[Round "3.1"]
[White "Humanes Bespin, Ivan"]
[Black "Julia Yebra, David"]
[Result "1-0"]
[WhiteElo "2049"]
[BlackElo "2002"]
[PlyCount "69"]
[EventDate "2015.07.13"]
[EventType "swiss"]
[EventRounds "9"]
[EventCountry "ESP"]
[SourceTitle "Ajedrez en Madrid"]
[Source "lmi"]
[SourceDate "2015.07.13"]
[SourceVersion "1"]
[SourceVersionDate "2019.06.21"]
[SourceQuality "1"]

1. e4 d6 2. d4 Nf6 3. Nc3 c6 4. Bd3 e5 5. Nf3 Qc7 6. a3 Nbd7 7. O-O Be7 8. a4
O-O 9. a5 exd4 10. Nxd4 Nc5 11. Bf4 Ne6 12. Be3 Nxd4 13. Bxd4 Rd8 14. f4 c5 15.
Bxf6 Bxf6 16. Nd5 Qd7 17. Nxf6+ gxf6 18. Qh5 Kg7 19. e5 f5 20. Qg5+ Kf8 21.
Qh6+ Ke7 22. Qf6+ Ke8 23. exd6 Qxd6 24. Bb5+ Kf8 25. Qh8+ Ke7 26. Qxh7 Qd4+ 27.
Kh1 Rh8 28. Rfe1+ Be6 29. Qxf5 Rad8 30. Qg5+ Qf6 31. Qxc5+ Rd6 32. Qc7+ Kf8 33.
Qxd6+ Kg8 34. Bc4 Rh6 35. Bxe6 1-0

[Event "17. Obert Int. Sant Marti 2015 - B"]
[Site "Barcelona ESP"]
[Date "2015.07.15"]
[Round "3.2"]
[White "Maynat Diaz, Jose Antonio"]
[Black "Garcia Ruiz, Adrian"]
[Result "0-1"]
[WhiteElo "2003"]
[BlackElo "2044"]
[PlyCount "94"]
[EventDate "2015.07.13"]
[EventType "swiss"]
[EventRounds "9"]
[EventCountry "ESP"]
[SourceTitle "Ajedrez en Madrid"]
[Source "lmi"]
[SourceDate "2015.07.13"]
[SourceVersion "1"]
[SourceVersionDate "2019.06.21"]
[SourceQuality "1"]

1. e4 c5 2. Nf3 e6 3. d4 cxd4 4. Nxd4 Nf6 5. Bd3 d6 6. Nc3 Be7 7. Be3 a6 8. Qe2
Qc7 9. h3 Nc6 10. Rc1 O-O 11. O-O Bd7 12. Nf3 b5 13. a3 Rfd8 14. Na2 Na5 15.
Nd2 Qb7 16. f4 Rac8 17. a4 Nc4 18. Nxc4 bxc4 19. Bxc4 Qxe4 20. Bd3 Qxa4 21. Nc3
Qb4 22. Bxa6 Ra8 23. Nd1 Nd5 24. c3 Qa4 25. Bb7 Nxe3 26. Qxe3 Rab8 27. Bf3 d5
28. b4 Qa3 29. Qd2 Bb5 30. Re1 d4 31. cxd4 Bxb4 32. Qe3 Qxe3+ 33. Rxe3 Bd2 34.
Rb1 Bxe3+ 35. Nxe3 Bd3 36. Re1 Rb1 37. Rxb1 Bxb1 38. d5 exd5 39. Bxd5 Re8 40.
Ng4 Be4 41. Bc4 Rd8 42. Bb3 Rb8 43. Ba2 Rb2 44. Bc4 Rxg2+ 45. Kf1 Rc2 46. Ne3
Rxc4 47. Nxc4 Bd3+ 0-1

[Event "17. Obert Int. Sant Marti 2015 - B"]
[Site "Barcelona ESP"]
[Date "2015.07.15"]
[Round "3.3"]
[White "Nadal Fajardo, Ricard"]
[Black "Brunet Gil, Pol"]
[Result "1/2-1/2"]
[WhiteElo "2037"]
[BlackElo "1967"]
[PlyCount "38"]
[EventDate "2015.07.13"]
[EventType "swiss"]
[EventRounds "9"]
[EventCountry "ESP"]
[SourceTitle "Ajedrez en Madrid"]
[Source "lmi"]
[SourceDate "2015.07.13"]
[SourceVersion "1"]
[SourceVersionDate "2019.06.21"]
[SourceQuality "1"]

1. e4 c5 2. Nc3 Nc6 3. f4 g6 4. Nf3 Bg7 5. g3 e6 6. Bg2 Nge7 7. d3 O-O 8. Be3
b6 9. O-O d5 10. Bf2 Bb7 11. exd5 Nxd5 12. Nxd5 exd5 13. d4 c4 14. Ne5 b5 15.
c3 a5 16. a3 a4 17. Nxc6 Bxc6 18. Qf3 Qd7 19. Rae1 Rfe8 1/2-1/2

[Event "17. Obert Int. Sant Marti 2015 - B"]
[Site "Barcelona ESP"]
[Date "2015.07.15"]
[Round "3.4"]
[White "Caro Martinez, Ramon"]
[Black "Centelles Vivas, Aleix"]
[Result "1/2-1/2"]
[WhiteElo "1969"]
[BlackElo "2034"]
[PlyCount "69"]
[EventDate "2015.07.13"]
[EventType "swiss"]
[EventRounds "9"]
[EventCountry "ESP"]
[SourceTitle "Ajedrez en Madrid"]
[Source "lmi"]
[SourceDate "2015.07.13"]
[SourceVersion "1"]
[SourceVersionDate "2019.06.21"]
[SourceQuality "1"]

1. d4 e6 2. e3 f5 3. e4 fxe4 4. Qh5+ g6 5. Qe5 Nf6 6. Bg5 Bg7 7. c3 O-O 8. Nd2
d5 9. f3 h6 10. Bf4 Ne8 11. Bg5 hxg5 12. Qg3 e3 13. Nb3 c6 14. Bd3 Qf6 15. Ne2
Nd7 16. O-O-O e5 17. h4 g4 18. Rdf1 Qe6 19. h5 gxh5 20. Rxh5 Nef6 21. Bf5 Qe7
22. Rg5 Nh7 23. Bxh7+ Kxh7 24. Rh1+ Kg8 25. Qh4 Qf6 26. Qh7+ Kf7 27. Rf5 Rh8
28. Rxf6+ Nxf6 29. Qxh8 Bxh8 30. Rxh8 gxf3 31. gxf3 e4 32. fxe4 Nxe4 33. Nc5
Nxc5 34. dxc5 Kf6 35. Re8 1/2-1/2

[Event "17. Obert Int. Sant Marti 2015 - B"]
[Site "Barcelona ESP"]
[Date "2015.07.15"]
[Round "3.5"]
[White "Gonzalez Jurado, Jesus"]
[Black "Molina Hernandez, Albert"]
[Result "0-1"]
[WhiteElo "1966"]
[BlackElo "2033"]
[PlyCount "74"]
[EventDate "2015.07.13"]
[EventType "swiss"]
[EventRounds "9"]
[EventCountry "ESP"]
[SourceTitle "Ajedrez en Madrid"]
[Source "lmi"]
[SourceDate "2015.07.13"]
[SourceVersion "1"]
[SourceVersionDate "2019.06.21"]
[SourceQuality "1"]

1. c4 Nf6 2. Nc3 e5 3. e4 Be7 4. Nf3 d6 5. d3 c6 6. Be2 Nbd7 7. O-O O-O 8. b3
Re8 9. Bb2 Bf8 10. Qc2 Nc5 11. b4 Ne6 12. a3 Nf4 13. b5 Bg4 14. Bc1 Ne6 15. h3
Bxf3 16. Bxf3 Nd4 17. Qd1 Nd7 18. Be3 Nxf3+ 19. Qxf3 Re6 20. a4 Be7 21. Qe2 Bg5
22. f4 exf4 23. Bxf4 Bxf4 24. Rxf4 Qb6+ 25. Qf2 Qxf2+ 26. Kxf2 Ne5 27. Ke3 Rg6
28. Ra2 Rg3+ 29. Kf2 Rxd3 30. Rc2 Nxc4 31. Ke2 Rg3 32. Kf2 Rxg2+ 33. Kxg2 Ne3+
34. Kh2 Nxc2 35. Rf2 Nd4 36. bxc6 bxc6 37. Rb2 f5 0-1

[Event "17. Obert Int. Sant Marti 2015 - B"]
[Site "Barcelona ESP"]
[Date "2015.07.15"]
[Round "3.6"]
[White "Perez Cuadrado, Eduardo"]
[Black "Madrid Sole, Antonio"]
[Result "0-1"]
[WhiteElo "1960"]
[BlackElo "2031"]
[PlyCount "88"]
[EventDate "2015.07.13"]
[EventType "swiss"]
[EventRounds "9"]
[EventCountry "ESP"]
[SourceTitle "Ajedrez en Madrid"]
[Source "lmi"]
[SourceDate "2015.07.13"]
[SourceVersion "1"]
[SourceVersionDate "2019.06.21"]
[SourceQuality "1"]

1. Nf3 d5 2. d4 Nf6 3. g3 c6 4. Bg2 Bf5 5. O-O e6 6. b3 Bd6 7. Bb2 O-O 8. Nbd2
h6 9. c4 Nbd7 10. Ne5 Rc8 11. Nxd7 Qxd7 12. c5 Bb8 13. f3 Qe7 14. e4 dxe4 15.
fxe4 Bg4 16. Qe1 e5 17. Qf2 Rcd8 18. Rae1 exd4 19. Bxd4 Be5 20. Bxe5 Qxe5 21.
Nc4 Qc7 22. e5 Nd5 23. Nd6 Be6 24. Qd2 b6 25. b4 bxc5 26. bxc5 Rb8 27. Re4 a5
28. a4 Qa7 29. Qf2 Rb4 30. Nf5 Bxf5 31. Qxf5 Qxc5+ 32. Qf2 Qxf2+ 33. Rxf2 Rb1+
34. Bf1 Re8 35. Kg2 Rb4 36. Bc4 Rxc4 37. Rxc4 Ne3+ 38. Kh3 Nxc4 39. Rc2 Nxe5
40. Rc5 f6 41. Rxa5 Rc8 42. Rc5 Kf7 43. Rc3 Ke6 44. a5 Ra8 0-1

[Event "17. Obert Int. Sant Marti 2015 - B"]
[Site "Barcelona ESP"]
[Date "2015.07.15"]
[Round "3.7"]
[White "Perez Garcia, Jose Miguel"]
[Black "Serra Vilaro, Agusti"]
[Result "1-0"]
[WhiteElo "2028"]
[BlackElo "1953"]
[PlyCount "85"]
[EventDate "2015.07.13"]
[EventType "swiss"]
[EventRounds "9"]
[EventCountry "ESP"]
[SourceTitle "Ajedrez en Madrid"]
[Source "lmi"]
[SourceDate "2015.07.13"]
[SourceVersion "1"]
[SourceVersionDate "2019.06.21"]
[SourceQuality "1"]

1. d4 e6 2. g3 d5 3. Bg2 c6 4. Nd2 f5 5. c4 Bd6 6. Nh3 Nf6 7. O-O Nbd7 8. Qc2
Nf8 9. Nf3 Ng6 10. e3 O-O 11. Nf4 Qe8 12. Nd3 Bd7 13. Bd2 Ne4 14. Bb4 Rc8 15.
Bxd6 Nxd6 16. Nde5 Nf7 17. Nxg6 hxg6 18. Nh4 Kh7 19. f4 g5 20. Nf3 g4 21. Nd2
Rh8 22. c5 Kg8 23. Rf2 Nd8 24. Bf1 Kf7 25. Be2 Kf6 26. b4 Nf7 27. a4 a6 28. Rb1
g6 29. Qc3 Qd8 30. Nb3 Qc7 31. Nc1 Ra8 32. Rb2 Rhb8 33. e4 Kg7 34. exf5 exf5
35. Nd3 Re8 36. Ne5 Nxe5 37. fxe5 Re6 38. Qe3 Qd8 39. Rb1 Qh8 40. Qg5 Qh6 41.
Rxf5 Qxg5 42. Rxg5 Kh6 43. Rxg4 1-0

[Event "17. Obert Int. Sant Marti 2015 - B"]
[Site "Barcelona ESP"]
[Date "2015.07.15"]
[Round "3.8"]
[White "Volart Buil, Jordi"]
[Black "Corominas Garrido, Jordi"]
[Result "1-0"]
[WhiteElo "1946"]
[BlackElo "2017"]
[PlyCount "61"]
[EventDate "2015.07.13"]
[EventType "swiss"]
[EventRounds "9"]
[EventCountry "ESP"]
[SourceTitle "Ajedrez en Madrid"]
[Source "lmi"]
[SourceDate "2015.07.13"]
[SourceVersion "1"]
[SourceVersionDate "2019.06.21"]
[SourceQuality "1"]

1. d4 e6 2. a3 f5 3. c4 Nf6 4. Nc3 d5 5. cxd5 exd5 6. f3 c6 7. Be3 Bd6 8. Bf2
O-O 9. Qc2 a5 10. Na4 b6 11. e3 Re8 12. Bd3 f4 13. Ne2 fxe3 14. Bg3 Bc7 15. Rb1
Ba6 16. Bxa6 Rxa6 17. b4 axb4 18. axb4 Qd7 19. Bxc7 Qxc7 20. b5 Ra5 21. O-O Qa7
22. Nec3 Rc8 23. Qf5 Qd7 24. Qd3 cxb5 25. Nxb6 Qc7 26. Nxc8 Qxc8 27. Rxb5 Ra3
28. Rc5 Qe6 29. Re1 Nbd7 30. Rc8+ Kf7 31. Rxe3 1-0

[Event "17. Obert Int. Sant Marti 2015 - B"]
[Site "Barcelona ESP"]
[Date "2015.07.15"]
[Round "3.9"]
[White "Fleming, Andrew S J"]
[Black "Muratet Carmona, Julia"]
[Result "1-0"]
[WhiteElo "2012"]
[BlackElo "1942"]
[PlyCount "49"]
[EventDate "2015.07.13"]
[EventType "swiss"]
[EventRounds "9"]
[EventCountry "ESP"]
[SourceTitle "Ajedrez en Madrid"]
[Source "lmi"]
[SourceDate "2015.07.13"]
[SourceVersion "1"]
[SourceVersionDate "2019.06.21"]
[SourceQuality "1"]

1. e4 e5 2. Nf3 Nc6 3. Bb5 a6 4. Ba4 Nf6 5. O-O b5 6. Bb3 Bc5 7. Nxe5 Nxe5 8.
d4 Bxd4 9. Qxd4 d6 10. c3 O-O 11. Bg5 c5 12. Qe3 h6 13. Bf4 Ng6 14. Bg3 Re8 15.
f3 c4 16. Bc2 Nh5 17. Bf2 f5 18. Rd1 f4 19. Qd4 Qg5 20. Qd5+ Qxd5 21. Rxd5 Re5
22. Rxd6 Rg5 23. h4 Nxh4 24. Bxh4 Re5 25. Rd5 1-0

[Event "17. Obert Int. Sant Marti 2015 - B"]
[Site "Barcelona ESP"]
[Date "2015.07.15"]
[Round "3.10"]
[White "Rius Riu, Gerard"]
[Black "Chakrabarti, Tamal"]
[Result "0-1"]
[WhiteElo "1936"]
[BlackElo "2009"]
[PlyCount "112"]
[EventDate "2015.07.13"]
[EventType "swiss"]
[EventRounds "9"]
[EventCountry "ESP"]
[SourceTitle "Ajedrez en Madrid"]
[Source "lmi"]
[SourceDate "2015.07.13"]
[SourceVersion "1"]
[SourceVersionDate "2019.06.21"]
[SourceQuality "1"]

1. d4 c5 2. d5 e5 3. c4 d6 4. Nc3 Be7 5. e4 a6 6. a4 Bg5 7. Bd3 Bxc1 8. Qxc1
Nd7 9. Nge2 Nf8 10. Ng3 Ng6 11. Nce2 Nf6 12. O-O O-O 13. Qd2 Ne8 14. a5 b6 15.
b4 cxb4 16. Qxb4 bxa5 17. Rxa5 Qc7 18. Rb1 f6 19. c5 dxc5 20. Rxc5 Qd8 21. Bc4
a5 22. Qc3 Nd6 23. Bd3 Rf7 24. Nf5 Bxf5 25. exf5 Ne7 26. Ng3 a4 27. Qb4 Nec8
28. Qa3 Rc7 29. Rc6 Rd7 30. Ne4 Nxe4 31. Bxe4 Nd6 32. f3 Kf7 33. Rb4 Qa5 34. h3
Nb5 35. Rxb5 Qxb5 36. Rc5 Qb3 37. Qxb3 axb3 38. Rb5 Ra3 39. Kh2 Ke7 40. h4 Kd6
41. h5 h6 42. Kg3 Rc7 43. Kh3 Kd7 44. g4 Rca7 45. d6 Kxd6 46. Kg3 Rc7 47. Bd5
Rc3 48. Kh4 Rc5 49. Rxb3 Rxb3 50. Bxb3 e4 51. fxe4 Ke5 52. Bf7 Kxe4 53. Kg3
Rc3+ 54. Kh4 Kf4 55. Bd5 Rg3 56. Bf3 Kxf3 0-1

[Event "17. Obert Int. Sant Marti 2015 - B"]
[Site "Barcelona ESP"]
[Date "2015.07.15"]
[Round "3.11"]
[White "Ferres Saez, Joan"]
[Black "Vicente Soriano, Josep"]
[Result "1-0"]
[WhiteElo "1901"]
[BlackElo "2006"]
[PlyCount "45"]
[EventDate "2015.07.13"]
[EventType "swiss"]
[EventRounds "9"]
[EventCountry "ESP"]
[SourceTitle "Ajedrez en Madrid"]
[Source "lmi"]
[SourceDate "2015.07.13"]
[SourceVersion "1"]
[SourceVersionDate "2019.06.21"]
[SourceQuality "1"]

1. d4 Nf6 2. c4 g6 3. Nc3 Bg7 4. e4 d6 5. f3 O-O 6. Be3 c6 7. Nge2 e5 8. Qd2
Qa5 9. g4 Na6 10. Ng3 Bxg4 11. fxg4 Nxg4 12. d5 Nxe3 13. Qxe3 cxd5 14. cxd5 Nc5
15. O-O-O Rfc8 16. Kb1 a6 17. h4 h5 18. Be2 Kh7 19. Qf3 Qc7 20. Rdg1 Na4 21.
Nxa4 Qc2+ 22. Ka1 Qxa4 23. Nxh5 1-0

[Event "17. Obert Int. Sant Marti 2015 - B"]
[Site "Barcelona ESP"]
[Date "2015.07.15"]
[Round "3.12"]
[White "Subirana Santos, Marc"]
[Black "Ros Montes, Daniel"]
[Result "0-1"]
[WhiteElo "1949"]
[BlackElo "2039"]
[PlyCount "132"]
[EventDate "2015.07.13"]
[EventType "swiss"]
[EventRounds "9"]
[EventCountry "ESP"]
[SourceTitle "Ajedrez en Madrid"]
[Source "lmi"]
[SourceDate "2015.07.13"]
[SourceVersion "1"]
[SourceVersionDate "2019.06.21"]
[SourceQuality "1"]

1. g3 d5 2. Bg2 Nf6 3. d3 e5 4. Nd2 Bc5 5. e3 Bg4 6. Ne2 O-O 7. O-O Qd7 8. c3
e4 9. Nb3 Bd6 10. Qc2 Qf5 11. Ned4 exd3 12. Nxf5 dxc2 13. Nxd6 cxd6 14. Nd4 Bd1
15. Nb5 Na6 16. Nxd6 Nc5 17. Nf5 Nce4 18. Ne7+ Kh8 19. Nxd5 Nxd5 20. Bxe4 Rad8
21. c4 Nf6 22. f3 Nxe4 23. fxe4 Be2 24. Re1 Rd1 25. Kf2 Bxc4 26. b3 Rxe1 27.
Kxe1 Bd3 28. Bb2 Bxe4 29. Bd4 Rc8 30. Kd2 a6 31. Rc1 h5 32. Rf1 Kh7 33. Kc1 f5
34. Rf2 Kg6 35. Rd2 h4 36. Be5 hxg3 37. Bxg3 Rc5 38. Rd4 Ra5 39. a4 Kh5 40. h3
g5 41. Rd8 Rc5 42. Be1 b5 43. b4 Rc7 44. a5 f4 45. exf4 gxf4 46. Re8 Bg6 47.
Re5+ Kh6 48. Bd2 Rf7 49. Re6 Kh5 50. Be1 f3 51. Re5+ Kh6 52. Bf2 Rd7 53. Re1
Kg5 54. h4+ Kf6 55. h5 Bf5 56. Bh4+ Kg7 57. Rf1 Kh6 58. Bf2 Kxh5 59. Rg1 Rd6
60. Be3 Rg6 61. Rf1 Kg4 62. Bf2 Kh3 63. Rh1+ Kg2 64. Rh5 Bg4 65. Rc5 Kxf2 66.
Rxc2+ Kg1 0-1

[Event "17. Obert Int. Sant Marti 2015 - B"]
[Site "Barcelona ESP"]
[Date "2015.07.15"]
[Round "3.13"]
[White "Pla Carulla, Joaquim"]
[Black "Willen, Ronny"]
[Result "1/2-1/2"]
[WhiteElo "2034"]
[BlackElo "1950"]
[PlyCount "26"]
[EventDate "2015.07.13"]
[EventType "swiss"]
[EventRounds "9"]
[EventCountry "ESP"]
[SourceTitle "Ajedrez en Madrid"]
[Source "lmi"]
[SourceDate "2015.07.13"]
[SourceVersion "1"]
[SourceVersionDate "2019.06.21"]
[SourceQuality "1"]

1. d4 Nf6 2. Bf4 g6 3. Nf3 Bg7 4. c4 d6 5. Nc3 O-O 6. Qd2 c5 7. d5 Qa5 8. e4 a6
9. Bd3 b5 10. O-O bxc4 11. Bxc4 Qb4 12. Bd3 Nbd7 13. a3 Qb3 1/2-1/2

[Event "17. Obert Int. Sant Marti 2015 - B"]
[Site "Barcelona ESP"]
[Date "2015.07.15"]
[Round "3.14"]
[White "Martinez Ferrer, Rafael"]
[Black "Walter Travella, German"]
[Result "0-1"]
[WhiteElo "1930"]
[BlackElo "2028"]
[PlyCount "86"]
[EventDate "2015.07.13"]
[EventType "swiss"]
[EventRounds "9"]
[EventCountry "ESP"]
[SourceTitle "Ajedrez en Madrid"]
[Source "lmi"]
[SourceDate "2015.07.13"]
[SourceVersion "1"]
[SourceVersionDate "2019.06.21"]
[SourceQuality "1"]

1. e4 Nc6 2. Nf3 d5 3. exd5 Qxd5 4. Nc3 Qa5 5. Bc4 Bg4 6. d4 O-O-O 7. Bd2 Qh5
8. Be2 Nxd4 9. Nxd4 Rxd4 10. Bxg4+ Qxg4 11. Qxg4+ Rxg4 12. O-O e5 13. Be3 a6
14. Rad1 Rc4 15. Rd5 Bd6 16. Rfd1 Ne7 17. R5d2 f5 18. Bg5 Ng6 19. Re2 f4 20. h4
h6 21. h5 hxg5 22. hxg6 Rh6 23. Ne4 Rxg6 24. f3 Rh6 25. Red2 Be7 26. Rd7 Re6
27. c3 Ra4 28. a3 g4 29. Kf1 Kb8 30. Ke2 gxf3+ 31. gxf3 g5 32. Rh1 Kc8 33. Rhd1
b6 34. R7d5 g4 35. b3 gxf3+ 36. Kxf3 Rxa3 37. b4 Ra2 38. Rg1 Ra3 39. Rg8+ Kb7
40. Kg4 Kc6 41. Rd3 Bxb4 42. Kf5 Re7 43. Rg6+ Kb7 0-1

[Event "17. Obert Int. Sant Marti 2015 - B"]
[Site "Barcelona ESP"]
[Date "2015.07.15"]
[Round "3.15"]
[White "Carrey Abellan, Enric"]
[Black "Domenche Redondo, Francesc"]
[Result "1/2-1/2"]
[WhiteElo "2022"]
[BlackElo "1947"]
[PlyCount "106"]
[EventDate "2015.07.13"]
[EventType "swiss"]
[EventRounds "9"]
[EventCountry "ESP"]
[SourceTitle "Ajedrez en Madrid"]
[Source "lmi"]
[SourceDate "2015.07.13"]
[SourceVersion "1"]
[SourceVersionDate "2019.06.21"]
[SourceQuality "1"]

1. d4 d5 2. c4 c6 3. Nc3 Nf6 4. e3 Bf5 5. Nf3 e6 6. Qb3 Qb6 7. c5 Qc7 8. Be2 h6
9. Bd2 Nbd7 10. O-O Be7 11. Qa4 Ne4 12. b4 Nxc3 13. Bxc3 a6 14. Qb3 O-O 15. a4
Rfb8 16. Rfc1 Bf6 17. b5 Qc8 18. Ba5 Bd8 19. Bxd8 Qxd8 20. h3 Qe7 21. Qb2 Bh7
22. Rc3 Qe8 23. Rb3 a5 24. Raa3 f6 25. Nd2 e5 26. bxc6 bxc6 27. Rxb8 Rxb8 28.
Rb3 exd4 29. Rxb8 Nxb8 30. Qxd4 Bc2 31. Qc3 Bxa4 32. Qxa5 Bc2 33. Nf3 Bf5 34.
Qc7 Qc8 35. Qd6 Qf8 36. Qf4 Be4 37. Nd4 Nd7 38. Nxc6 Qxc5 39. Nd4 Ne5 40. Bg4
Nxg4 41. Qxg4 Qe7 42. Qe6+ Qxe6 43. Nxe6 Kf7 44. Nc7 Ke7 45. f3 Kd7 46. fxe4
Kxc7 47. exd5 f5 48. g4 g6 49. gxf5 gxf5 50. Kf2 Kd6 51. Kf3 Kxd5 52. Kf4 Ke6
53. h4 Kf6 1/2-1/2